Naturaleza 2 : (Registro nro. 9980)

Detalles MARC
000 -LIDER
fixed length control field 01333nam a22003857a 4500
001 - NÚMERO DE CONTROL
Identificador de número de control 00291
003 - IDENTIFICACDOR DE NÚMERO DE CONTROL
control field DO-SdBNP
005 - DATE AND TIME OF LATEST TRANSACTION
control field 20180309120440.0
007 - CAMPOS FIJOS DE DESCRIPCIÓN FÍSICA
fixed length control field 00291
008 - ELEMENTOS DE LONGITUD FIJA
fixed length control field 160504b dr 2008||||| |||| 00| 0 spa d
020 ## - ISBN
International Standard Book Number 9789945112177 (v. 2) Guía
020 ## - ISBN
International Standard Book Number 9789945112337 (v. 2) Cuaderno
040 ## - FUENTE DE CATALOGACIÓN
Agencia que crea de manera original el registro BPMSU
Idioma de catalogación spa
Agencia que realiza la transcripción BPMSU
082 #4 - NÚMERO DE CLASIFICACIÓN DECIMAL DE DEWEY
Classification number 372.357
Item number N285e 2do. 2008
100 1# - ASIENTO PRINCIPAL -- NOMBRE PERSONAL
Nombre personal Quírico, María
245 1# - MENCIÓN DE TITULO
Título Naturaleza 2 :
Subtítulo educación básica /
Mención de responsabilidad María Quírico, Eligia Casado, Claudia Llibre ; dirección editorial Obdulia García de Escobar
260 ## - PUBLICACIÓN, DISTRIBUCIÓN, ETC. (PIE DE IMPRENTA)
Lugar de publicación, distribución, etc Santo Domingo :
Nombre del editor, distribuidor, etc. Santillana,
Fecha de publicación, distribución, etc 2008
300 ## - DESCRIPCIÓN FÍSICA
Extensión 2 v. :
Otros detalles físicos il., retrs.
Dimensiones 30 cm.
490 1# - MENCIÓN DE SERIES
Mención de serie Coral
500 ## - NOTA GENERAL
Nota general La biblioteca posee la guía y el cuaderno
650 #4 - ENCABEZAMIENTO DE MATERIA--TEMÁTICO
Término temático o nombre geográfico como elemento de entrada CIENCIAS NATURALES
Subdivisión temática general ENSEÑANZA BÁSICA
650 #4 - ENCABEZAMIENTO DE MATERIA--TEMÁTICO
Término temático o nombre geográfico como elemento de entrada CIENCIAS NATURALES
Subdivisión temática general ESTUDIOS Y EJERCÍCIOS
650 #4 - ENCABEZAMIENTO DE MATERIA--TEMÁTICO
Término temático o nombre geográfico como elemento de entrada CIENCIAS NATURALES
Subdivisión temática general LIBROS DE TEXTOS
650 #4 - ENCABEZAMIENTO DE MATERIA--TEMÁTICO
Término temático o nombre geográfico como elemento de entrada CIENCIAS NATURALES
Subdivisión temática general EDUCACIÓN PRIMARIA
650 #4 - ENCABEZAMIENTO DE MATERIA--TEMÁTICO
Término temático o nombre geográfico como elemento de entrada EDUCACIÓN PRIMARIA
Subdivisión geográfica REPÚBLICA DOMINICANA
650 #4 - ENCABEZAMIENTO DE MATERIA--TEMÁTICO
Término temático o nombre geográfico como elemento de entrada ESTUDIO DE LA NATURALEZA
700 12 - ASIENTO SECUNDARIO -- NOMBRE PERSONAL
Nombre personal Casado, Eligia
700 12 - ASIENTO SECUNDARIO -- NOMBRE PERSONAL
Nombre personal Llibre, Claudia
700 12 - ASIENTO SECUNDARIO -- NOMBRE PERSONAL
Nombre personal García de Escobar, Obdulia,
Mención de responsabilidad ed.
830 #0 - ASIENTO SECUNDARIO DE SERIE--TÍTULO UNIFORME
Título uniforme Coral
910 ## - VALIDACIÓN
Validación Validado. Control de calidad MFF
942 ## - ADDED ENTRY ELEMENTS (KOHA)
Source of classification or shelving scheme Dewey Decimal Classification
Koha item type Libros
945 ## - INFORMACIÓN DE PROCESAMIENTO LOCAL
Información de procesamiento local Remanejado para la BNPHU / 2018 VM
956 ## - LOCAL ELECTRONIC LOCATION AND ACCESS (OCLC)
Nombre de host BTAVÁREZ
Existencias
Withdrawn status Lost status Source of classification or shelving scheme Damaged status Not for loan Collection code Home library Current library Date acquired Source of acquisition Total Checkouts Full call number Barcode Date last seen Price effective from Koha item type Copy number
    Dewey Decimal Classification     Colección Escolar Biblioteca Pública Metropolitana Salomé Ureña Biblioteca Pública Metropolitana Salomé Ureña 05/04/2016 Donación   372.357 N285e 2do. 2008 v.2 Guía BPMSU16050024 05/04/2016 05/04/2016 Libros  
    Dewey Decimal Classification     Colección Escolar Biblioteca Pública Metropolitana Salomé Ureña Biblioteca Pública Metropolitana Salomé Ureña 05/04/2016 Donación   372.357 N285e 2do. 2008 v.2 Guía BPMSU16050025 05/04/2016 05/04/2016 Libros e. 2
    Dewey Decimal Classification     Colección Escolar Biblioteca Pública Metropolitana Salomé Ureña Biblioteca Pública Metropolitana Salomé Ureña 05/04/2016 Donación   372.357 N285e 2do. 2008 v.3 Cuaderno BPMSU16050027 05/04/2016 05/04/2016 Libros